| 000 | 01377nam a2200361 i 4500 | ||
|---|---|---|---|
| 001 | 13464 | ||
| 003 | KOSZ 005 | ||
| 005 | 20240405063017.0 | ||
| 008 | 160525s1970 pl a f 000 0 pol | ||
| 040 |
_aWA N _cWA N _dKOSZ 005/RW |
||
| 041 | 0 |
_apol _beng _brus |
|
| 100 | 1 |
_aKłossowski, Andrzej _d(1938-1997) _eAutor |
|
| 245 | 1 | 0 |
_aDziałalność bibliotek szkół wyższych resortu Oświaty i Szkolnictwa Wyższego w XXV-leciu Polski Ludowej / _cAndrzej Kłossowski. |
| 260 |
_aWarszawa : _bPaństwowe Wydawnictwo Naukowe, _c1970. |
||
| 300 |
_a51, [2] stron, [9] kart tablic : _bilustracje ; _c24 cm. |
||
| 336 |
_aTekst _btxt _2rdacontent. |
||
| 337 |
_aBez urządzenia pośredniczącego _bn _2rdamedia. |
||
| 338 |
_aWolumin _bnc _2rdacarrier. |
||
| 380 | _aKsiążki. | ||
| 490 | 1 |
_aSprawy Biblioteczne ; _vz. 5. |
|
| 504 | _aBibliografia na stronach 43-49. | ||
| 546 | _aStreszczenia w języku angielskim, rosyjskim. | ||
| 648 | 4 | _a1901-2000 | |
| 651 | 4 | _aPolska | |
| 650 | 4 | _aSzkolnictwo wyższe | |
| 650 | 4 | _aKultura | |
| 648 | 4 | _a1945-1989 | |
| 650 | 4 | _aBibliotekarstwo | |
| 710 | 2 |
_aPaństwowe Wydawnictwo Naukowe _4pbl. |
|
| 830 | 0 |
_aSprawy Biblioteczne ; _vz. 5. |
|
| 856 |
_uhttp://koha.tu.koszalin.pl/cgi-bin/koha/opac-detail.pl?biblionumber=13464 _yKatalog online BPK |
||
| 942 |
_2UKD _cKS |
||
| 999 |
_c13464 _d13464 |
||